| 000 | 01563nam a2200337Ia 4500 | ||
|---|---|---|---|
| 005 | 20220316235242.0 | ||
| 008 | 121119s1994 mx a gr 000 j spa | ||
| 020 | _a9681645286 | ||
| 041 | 1 | _aspa | |
| 100 | 1 |
_aBrowne, Anthony, _d1946- |
|
| 245 | 1 | 3 |
_aUn cuento de oso _cAnthony Browne ; traducción de Carmen Esteva ; editor Daniel Goldin |
| 250 | _a1a. edición | ||
| 264 | 1 |
_aMéxico _bFondo de Cultura Económica _c1994 |
|
| 300 |
_a[17] páginas sin enumerar _bilustraciones a color _c15 cm. |
||
| 336 |
_atexto _btxt _2rdacontent |
||
| 337 |
_asin mediación _bn _2rdamedia |
||
| 338 |
_avolumen _bnc _2rdacarrier |
||
| 490 | 0 | _aLos especiales de a la orilla del viento | |
| 520 | _aUna vez más nuestro buen amigo el oso recorre el bosque en compañía de su lápiz, instrumento con el cual logra salir siempre de los apuros más extraños con solo dibujar lo que a cada situación corresponde; poro no es solo un paseo con pequeños percances sino todo un viaje a través del bosque de los cuentos de hadas en donde la fantasía y el misterio estarán a la orden del día | ||
| 521 | _aRecomendado para niños de 0 a 2 años | ||
| 534 | _tA bear-y tale | ||
| 650 | 1 | 4 |
_2LEMB _aÁlbumes infantiles ingleses _ySiglo XX |
| 650 | 1 | 4 |
_2LEMB _aLiteratura infantil inglesa _ySiglo XX |
| 650 | 1 | 4 |
_2LEMB _aAnimales _vÁlbumes |
| 650 | 1 | 4 |
_2LEMB _aLibros ilustrados para niños |
| 700 | 1 |
_aEsteva, Carmen _etraductor _94749 |
|
| 700 | 1 |
_aGoldin, Daniel _eeditor _98583 |
|
| 942 |
_2loc _cBKLIT |
||
| 040 |
_aCO-BoRNBP _bspa _erda _cCO-BoRNBP |
||
| 084 | _aA BRO1 | ||
| 999 |
_c378 _d378 |
||